Analýza vplyvu vybraných faktorov na ceny bytov v novostavbách v SR
Analýza vplyvu vybraných faktorov na ceny trojizbových bytov v novostavbách v Slovenskej republike. Za faktory autorka zvolila rozlohu v metroch štvorcových a typ mesta (Bratislava, Trenčín). Postupy a princípy regresnej a korelačnej analýzy sa stali nenahraditeľnou súčasťou modernej štatistiky. K p...
Gespeichert in:
| 1. Verfasser: | |
|---|---|
| Format: | Buchkapitel |
| Sprache: | Slowakisch |
| Schlagworte: | |
| Tags: |
Keine Tags, Fügen Sie das erste Tag hinzu!
|
MARC
| LEADER | 00000nla$a2200000$$$4500 | ||
|---|---|---|---|
| 001 | 0146852 | ||
| 005 | 20240502083339.4 | ||
| 041 | 0 | |a slo | |
| 044 | |a CZ | ||
| 245 | 1 | 0 | |a Analýza vplyvu vybraných faktorov na ceny bytov v novostavbách v SR |c Jana Hazuchová |
| 520 | |a Analýza vplyvu vybraných faktorov na ceny trojizbových bytov v novostavbách v Slovenskej republike. Za faktory autorka zvolila rozlohu v metroch štvorcových a typ mesta (Bratislava, Trenčín). Postupy a princípy regresnej a korelačnej analýzy sa stali nenahraditeľnou súčasťou modernej štatistiky. K popredným štatistickým programovým balíkom patrí SAS, ktorého aplikáciu SAS Enterprise Guide 4.1 autorka využila pri riešení danej problematiky. | ||
| 610 | 2 | 0 | |a analýza regresná |
| 610 | 2 | 0 | |a analýza korelačná |
| 610 | 2 | 0 | |a štatistika matematická |
| 610 | 2 | 0 | |a stavebníctvo |
| 610 | 2 | 0 | |a Slovensko |
| 610 | 2 | 0 | |a byty |
| 610 | 2 | 0 | |a ceny |
| 100 | 1 | |a Hazuchová, Jana | |